Victimization and Survival of Woman in Margaret Atwood's Fiction: A Study/ (Record no. 206526)

MARC details
000 -LEADER
fixed length control field 00602nam a22001937a 4500
005 - DATE AND TIME OF LATEST TRANSACTION
control field 20241021151332.0
010 ## - LCCN (DPL NO)
LC control number ENG-142209
020 ## - INTERNATIONAL STANDARD BOOK NUMBER
Terms of availability 500.00
International Standard Book Number 9789387871694
035 ## - SYSTEM CONTROL NUMBER
System control number EN-125741
037 ## - SOURCE OF ACQUISITION
Source of stock number/acquisition DBAD/PUB
082 ## - DEWEY DECIMAL CLASSIFICATION NUMBER
Classification number 305.4
100 ## - MAIN ENTRY--PERSONAL NAME
Personal name Vedamathan, P.
245 ## - TITLE STATEMENT
Title Victimization and Survival of Woman in Margaret Atwood's Fiction: A Study/
Statement of responsibility, etc P. Vedamuthan
250 ## - EDITION STATEMENT
Edition statement 1
260 ## - PUBLICATION, DISTRIBUTION, ETC. (IMPRINT)
Place of publication, distribution, etc Tamil Nadu
Name of publisher, distributor, etc Shanlax Publications
Date of publication, distribution, etc 2018
270 ## - ADDRESS
City Madurai
Address 61,66 T.P.K. Main Road, Vasantha Nagar
Postal code 625003
300 ## - PHYSICAL DESCRIPTION
Extent 232p.
Dimensions 22cm(pb)
942 ## - ADDED ENTRY ELEMENTS (KOHA)
Source of classification or shelving scheme Dewey Decimal Classification
Item type English Books
Classification part 305.4
Call number suffix VED
Holdings
Withdrawn status Lost status Not for loan Collection code Home library Current library Date acquired Source of acquisition Cost, normal purchase price Full call number Barcode Copy number Cost, replacement price Koha item type
      Non-fiction Bawana Bawana 21/10/2024 DBAD 500.00 305.4 VED EN-125741 1 500.00 English Books

© Delhi Public Library
Hit Counter
free hit counter